Every 100,000+ city in China: Special Regions - Statistics

General Stats
  • This quiz has been taken 8 times
  • The average score is 9 of 44
Answer Stats
Letter Population City % Correct
B 24,010,550 Beijing
100%
H-K 7,544,280 Hong Kong
100%
S 34,890,407 Shanghai
100%
C 30,704,524 Chongqing
75%
T 14,150,978 Tianjin
75%
M 723,660 Macau
50%
W 1,217,901 Wanzhou
38%
F 852,297 Fuling
25%
B 403,019 Baodi
13%
C 481,105 Changshou
13%
D 107,203 Dazu
13%
D 182,206 Dianjiang
13%
F 504,130 Fengdu
13%
F 225,830 Fengjie
13%
H 490,085 Hechuan
13%
J 735,706 Jizhou
13%
K 708,092 Kaizhou
13%
L 330,780 Liangping
13%
N 284,608 Nanchuan
13%
N 611,004 Ninghe
13%
P 144,179 Pengshui
13%
R 363,750 Rongchang
13%
S 211,055 Shizhu
13%
T-P 207,710 Tai Po
13%
T 557,041 Tongliang
13%
T 741,498 Tongnan
13%
T-M 430,015 Tuen Mun
13%
W 370,006 Wushan
13%
Y 202,096 Yanqing
13%
Y 665,910 Yongchuan
13%
Y 351,500 Youyang
13%
Z 306,831 Zhong
13%
B 437,034 Bishan
0%
F 310,040 Fanling
0%
G 253,138 Gulou
0%
K-T 457,205 Kam Tin
0%
L 394,016 Longgang
0%
L 161,439 Longshui
0%
W 296,411 Wandong
0%
W 272,045 Wenlong
0%
W 158,265 Wuxi
0%
Y-L 970,415 Yuen Long
0%
Y 416,306 Yunyang
0%
Y 376,411 Yuyang
0%
No matching quizzes found
Score Distribution
Percent of People with Each Score
Percentile by Number Answered
Your Score History
You have not taken this quiz